000 00858nam a22002297a 4500
005 20240530110613.0
008 161123s2014 ua a g 000 0 ara d
017 _a2014/2804
_bمصر. دار الكتب
020 _a9789776456136
040 _aEG-CaGPL
_cEG-CaGPL
082 0 4 _221
_a070.5\
_bش ن
100 0 _aشريف كامل شاهين .
245 1 2 _aالنشر التقليدى و الالكترونى فى العالم العربى /
_cاعداد شريف كامل شاهين .
250 _aط.1
260 _aالقاهرة :
_bدار الجوهرة للنشر و التوزيع ،
_c2015 .
300 _a251 ص :
_bايض ؛
_c24 سم .
650 0 7 _2qrmak
_aالنشر .
650 0 7 _2qrmak
_aالانترنت .
650 0 7 _2qrmak
_aالنشر الالكترونى .
942 _2ddc
_cBK
999 _c62898
_d62898